Dünya ölkələri - Statistics

General Stats
  • This quiz has been taken 164 times
  • The average score is 65 of 196
Answers on the Map
Answers color-coded by a green-red scale on the quiz's map according to % correct below.
 
Answer Stats
Ölkə % Correct
Azərbaycan
85%
Rusiya
82%
Çin
80%
Türkiyə
80%
Amerika Birləşmiş Ştatları
78%
Kanada
77%
Argentina
72%
İspaniya
72%
Meksika
72%
Braziliya
71%
Fransa
71%
İran
71%
Misir
71%
Almaniya
69%
Avstraliya
69%
Ermənistan
69%
Hindistan
69%
İtaliya
68%
Pakistan
68%
Yaponiya
68%
Gürcüstan
66%
Portuqaliya
66%
Qazaxıstan
66%
Cənubi Afrika Respublikası
65%
İsveç
65%
Monqolustan
65%
Yunanıstan
65%
Ukrayna
62%
Çili
60%
Danimarka
60%
Finlandiya
60%
Norveç
60%
Özbəkistan
60%
Cənubi Koreya
58%
İsveçrə
58%
Şimali Koreya
57%
Türkmənistan
55%
İraq
54%
Estoniya
52%
İrlandiya
52%
İslandiya
52%
İsrail
52%
Mərakeş
52%
Sudan
52%
İndoneziya
51%
Əfqanıstan
49%
Niger
49%
Peru
49%
Albaniya
48%
Filippin
48%
Polşa
48%
Qırğızıstan
48%
Somali
48%
Suriya
48%
Kuba
46%
Oman
46%
Uruqvay
46%
Çad
45%
Ekvador
45%
Əlcəzair
45%
Madaqaskar
45%
Nepal
45%
Belçika
43%
Çexiya
43%
Panama
43%
Avstriya
42%
Belarusiya
42%
Birləşmiş Ərəb Əmirlikləri
42%
Kipr
42%
Şri-Lanka
42%
Tacikistan
42%
Latviya
40%
Litva
40%
Serbiya
40%
Yəmən
40%
Andorra
38%
Boliviya
38%
Tayland
38%
Kolumbiya
37%
Macarıstan
37%
Niderland
37%
Paraqvay
37%
Qətər
37%
Banqladeş
35%
Liviya
35%
Myanma
35%
Nigeriya
35%
Tunis
35%
Anqola
34%
Bolqarıstan
34%
Haiti
34%
Konqo Respublikası
34%
Laos
34%
San-Marino
34%
Səudiyyə Ərəbistanı
34%
Slovakiya
34%
Xorvatiya
34%
Butan
32%
Mərkəzi Afrika Respublikası
32%
Yeni Zelandiya
32%
Qvineya
31%
Seneqal
31%
Vatikan
31%
Malayziya
29%
Sloveniya
29%
Tanzaniya
29%
Birləşmiş Krallıq
28%
Dominika
28%
İordaniya
28%
Qana
28%
Tayvan
28%
Venesuela
28%
Efiopiya
26%
Vyetnam
26%
Moldova
25%
Papua-Yeni Qvineya
25%
Rumıniya
25%
Zambiya
25%
Keniya
23%
Küveyt
23%
Mali
23%
Mavritaniya
23%
Mozambik
23%
Qayana
22%
Sinqapur
22%
Yamayka
22%
Cənubi Sudan
20%
Cibuti
20%
Honduras
20%
Kosta-Rika
20%
Livan
20%
Surinam
20%
Kamerun
18%
Lüksemburq
18%
Namibiya
18%
Qambiya
18%
Şimali Makedoniya
18%
Uqanda
18%
Zimbabve
18%
Bəhreyn
17%
Botsvana
17%
Konqo Demokratik Respublikası
17%
Monteneqro
17%
Beliz
15%
Kamboca
15%
Kotdivuar
15%
Malta
15%
Monako
15%
Nikaraqua
15%
Lixtenşteyn
14%
Ruanda
14%
Toqo
14%
Benin
12%
Burundi
12%
Dominikan Respublikası
12%
Eritreya
12%
Fici
12%
Liberiya
12%
Bruney
11%
Burkina-Faso
11%
Kosovo
11%
Nauru
11%
Salvador
11%
Barbados
9%
Qabon
9%
Esvatini
8%
Lesoto
8%
Maldiv adaları
8%
Şərqi Timor
8%
Baham adaları
6%
Bosniya və Herseqovina
6%
Malavi
6%
Qvatemala
6%
Syerra-Leone
6%
Ekvatorial Qvineya
5%
Samoa
5%
Kabo-Verde
3%
Kiribati
3%
Qvineya-Bisau
3%
Solomon adaları
3%
Tonqa
3%
Tuvalu
3%
Vanuatu
3%
Komor adaları
2%
Mavriki
2%
Palau
2%
Seyşel adaları
2%
Antiqua və Barbuda
0%
Marşall adaları
0%
Mikroneziya Federativ Ştatları
0%
Qrenada
0%
San-Tome və Prinsipi
0%
Sent-Kits və Nevis
0%
Sent-Lüsiya
0%
Sent-Vinsent və Qrenadin
0%
Trinidad və Tobaqo
0%
No matching quizzes found
Score Distribution
Percent of People with Each Score
Percentile by Number Answered
Your Score History
You have not taken this quiz